01007nam a2200253 a 450000100060000000300080000600500170001400800410003103500190007204000270009104100080011808200240012610000570015024501900020725000120039726000450040930000230045450000190047760000690049670000270056594200120059299900170060495201320062156486BD-RjUL20211209080413.0161129s1969 ii b 001 0 eng  a(BD-RjUL)56610 aDLCcDLCdBD-RjULbeng aeng00a181.4223bRAD 19691 aRadhakrishnan, S.q(Sarvepalli),d1888-1975.916799300aRadhakrishnan reader :ban anthology : selections from the world-famous philosopher-statesman's 40 and odd books written over a period of 60 years /cEdited by K. M. Munshi ... [et al.] a1st ed. aBombay :bBharatiya Vidya Bhavan,c1969. axi, 680 p.c23 cm. aIncludes Index aRadhakrishnan, Sarvepalliy1888-1975xIndian philosophy.9168176 aMunshi, K. M. 9167994 2ddccBK c56486d56486 00102ddc40718NFICaRUCLbRUCLcReadingd1974-07-09eIndia Gov.l0o181.4 RAD 1969r2016-11-29 00:00:00tC-1w2021-12-09yBK